Statistics for San Jose or San José?

Click here to take the quiz!

General Stats

  • This quiz has been taken 35 times
  • The average score is 7 of 12

Answer Stats

QuestionAnswer% Correct
Has a population over one millionCalifornia
97%
Has a median household income of $104,675California
90%
Has the higher elevationCosta Rica
72%
Motto is "Towards better things"Costa Rica
66%
Has the busier airportCalifornia
62%
Current mayor's nickname is "Boss Tweed"Costa Rica
62%
First inhabitants were the OhloneCalifornia
59%
Has 2 international airportsCosta Rica
52%
Founded in 1777California
48%
Original settlement was on the Guadalupe RiverCalifornia
41%
Has a better soccer team (according to FiveThirtyEight Soccer Power Index)California
31%
Has the taller buildingCosta Rica
21%

Score Distribution

Percentile by Number Answered

Percent of People with Each Score

Your Score History

You have not taken this quiz